| 000 | 00646nam a2200217 a 4500 | ||
|---|---|---|---|
| 001 | BRL_879 | ||
| 005 | 20190320210934.0 | ||
| 008 | 211013c1953----mx-a######---#000-0#spa-# | ||
| 041 | _aspa | ||
| 044 | _amx | ||
| 050 | 4 |
_aF1391.T3 _b.V37 1953 |
|
| 100 | 1 |
_aVarona, Esteban A. de _9879 |
|
| 245 | 1 | 0 |
_aTasco _ctexto y fotografías por Esteban A. de Varona. |
| 260 |
_aMéxico _bMaupome y Martínez _c1953 |
||
| 300 |
_a44 p. _bil., 46 láminas _c20 cm. |
||
| 500 | _aEstado físico: lomo por desprenderse | ||
| 500 | _aAu1072 | ||
| 650 | 1 | 4 |
_aTaxco de Alarcón, Guerrero (México) _xDescripción y viajes _925226 |
| 902 | _aGRL | ||
| 942 |
_2lcc _cB |
||
| 999 |
_c9691 _d9691 |
||